000 00260nam a2200097Ia 4500
082 _aJ 551.307 JENN
245 0 _aLandslides and avalanches
100 _a JENNINGS, Terry London, 2003
_993853
942 _cBK
008 210817s9999 xx 000 0 und d
999 _c383836
_d383835